000
00334nam a2200145Ia 4500
008
191201s2004 xx 000 0 und d
082
_a
621.815
_b
NAM
100
_a
NAGPAL, G R
245
0
_a
Machine Drawing
250
_a
1st
260
_a
N.Delhi
_b
Khanna Publisher
_c
2004
300
_a
411
650
_a
B.Tech(ME)
942
_2
ddc
_c
BK
999
_c
2011
_d
2011